000 00230nam a22000857a 4500
008 160719b xxu||||| |||| 00| 0 eng d
100 _93067
_a Andersen, H.C
245 _aThe Ugly Duckling
260 _aNew Delhi
_bOrient Publication
_c2005
999 _c2630
_d2630